|
|
|
|
| LEADER |
01065nam a22002417a 4500 |
| 001 |
40589 |
| 003 |
BD-DhAAL |
| 008 |
230117r20201998bg a|||| |||| 00| 0 ben d |
| 020 |
|
|
|a 978989310884
|
| 040 |
|
|
|a BD-DhAAL
|c BD-DhAAL
|
| 041 |
|
|
|a ben
|
| 082 |
|
|
|a 891.44
|
| 245 |
|
|
|a সুকুমার সমগ্র /
|c সিকদার আবুল বাশার সম্পাদিত.
|
| 260 |
|
|
|a ঢাকা :
|b কাকলী প্রকাশনী,
|c ১৯৯৮ [সপ্তম মুদ্রণ ২০২০].
|
| 300 |
|
|
|a ৫৫৪ পৃষ্ঠা ;
|c ২২ সে.মি.
|
| 526 |
|
|
|a GenEd (Residential Campus)
|
| 541 |
|
|
|a Development Book Agency
|e 40589
|
| 650 |
|
|
|a Bengali literature.
|9 20142
|
| 700 |
|
|
|a বাশার, সিকদার আবুল
|9 53390
|
| 852 |
|
|
|a Ayesha Abed Library
|c General Stacks
|
| 942 |
|
|
|2 ddc
|c BK
|
| 999 |
|
|
|c 45271
|d 45271
|
| 952 |
|
|
|0 0
|1 0
|2 ddc
|4 0
|6 891_440000000000000_SUK
|7 0
|9 72664
|a SCL
|b SCL
|c GEN
|d 2023-01-05
|e Development Book Agency
|g 350.00
|l 0
|o 891.44 SUK
|p 3020040589
|r 2023-01-05
|t 1
|v 350.00
|w 2023-01-05
|y BK
|